Tecnologías del cuerpo exhibicionismo y visualidad en América Latina

Salvato in:
Dettagli Bibliografici
Autore principale: Guerrero, Javier
Natura: Libro
Lingua:spagnolo
Pubblicazione: Madrid Iberoamericana Vervuert 2014
Serie:Estudios de cultura visual 4
Soggetti:
Tags: Aggiungi Tag
Nessun Tag, puoi essere il primo ad aggiungerne!!

MARC

LEADER 00000nam a2200000 4500
001 0233936
005 20240314094612.0
020 |a 978-84-8489-795-8 
041 0 |a spa 
044 |a ES 
245 1 0 |a Tecnologías del cuerpo  |b exhibicionismo y visualidad en América Latina  |c Javier Guerrero 
264 1 |a Madrid  |b Iberoamericana Vervuert  |c 2014 
300 |a 295 s. 
490 1 |a Estudios de cultura visual  |v 4 
830 0 |a Estudios de cultura visual  |v 4 
610 2 0 |a umenie 
610 2 0 |a kultúra 
610 2 0 |a filozofia 
610 2 0 |a zodpovednosť spoločenská 
610 2 0 |a zodpovednosť trestná 
610 2 0 |a Latinská Amerika 
100 1 |a Guerrero, Javier